000 01030cam a2200373 i 4500
001 0000506
003 DO-SdBNP
005 20171213103035.0
007 0000506
008 100514s 2005 mx | |||| 000 f spa
015 _a
017 _a
_b
020 _a9789707702493
035 _a
040 _aBPMSU
_bspa
_cBPMSU
_e
080 _a
082 4 _aPe863.44
_bV297ca 2010
100 1 _aVargas Llosa, Mario
_d1936-
245 1 3 _aLa casa verde /
_h
_cMario Vargas Llosa
250 _a1a ed en México 2a. reimpresión
260 _aMéxico :
_bAlfaguara,
_c2010
300 _a525 p. ;
_c23 cm
490 1 _aBiblioteca Mario Vargas Llosa
500 _aIncluye datos biográficos del autor.
586 _aPremio Nobel de Literatura 2010.
600 _q
650 4 _aNOVELA PERUANA
650 4 _aLITERATURA PERUANA
830 0 _aBiblioteca Mario Vargas Llosa
942 _2ddc
_cBK
945 _aInventariado extranjero / 2017 VM
956 _a
_8
_c
956 _aVMATEO
_810
_c20160928
_2BPMSU
_30069
999 _c10777
_d10777